| Поле | Название | Значение |
| |
Тип записи |
a |
| |
Библиографический уровень |
m |
| 001 |
Контрольный номер |
RU/СЮИ МВД России/KNIGI/65.291.592я73/Т99-953073 |
| 005 |
Дата корректировки |
20140508173757.7 |
| 010 |
Индекс ISBN |
__ |
| a |
ISBN |
978-5-9916-1788-8 |
| 100 |
Данные общей обработки |
__ |
| a |
Данные общей обработки |
20120306d2012 |||y0rusy0189 |
| 101 |
Язык документа |
0_ |
| a |
Язык текста |
rus |
| 102 |
Страна публикации |
__ |
| a |
Страна публикации |
RU |
| 105 |
Кодированные данные (монография) |
__ |
| a |
Кодированные данные (монография) |
y j 000yy |
| 200 |
Заглавие и сведения об ответственности |
1_ |
| a |
Заглавие |
Логистика |
| e |
Сведения, относящиеся к заглавию |
учебник для бакалавров: допущено МО и науки для студентов вузов экономических направлений и специальностей |
| f |
Первые сведения об ответственности |
А. П. Тяпухин |
| 205 |
Сведения об издании |
__ |
| a |
Основные сведения об издании |
2-е изд., перераб. и доп. |
| 210 |
Выходные данные |
__ |
| a |
Место издания |
М. |
| c |
Издательство |
Юрайт |
| d |
Дата издания |
2012 |
| 215 |
Физическое описание |
__ |
| a |
Объем |
568 с. |
| 225 |
Серия |
2_ |
| a |
Серия |
Бакалавр. Базовый курс |
| 320 |
Библиография |
__ |
| a |
Библиография |
Слов.: с. 553-557 |
| 320 |
Библиография |
__ |
| a |
Библиография |
Библиогр.: с. 558-560 |
| 327 |
Примечание о содержании |
1_ |
| a |
Примечание о содержании |
Содержание : Логистика как концепция управления предприятиями ; Логистический менеджмент: распределение ; Логистический менеджмент: концентрация ; Логистический менеджмент: движение ресурсов ; Логистический менеджмент на предприятии ; Основные бизнес - процессы управления ценностью ; Основные аспекты выполнения бизнес - процессов в цепях ценности ; Управление отношениями с потребителем ; Управление продуктом ; Финансовый менеджмент ; Логистический менеджмент ; Управление требованиями как бизнес - процесс ; Основные бизнес - процессы управления цепями поставок ; Управление отношениями с поставщиками |
| 464 |
Аналитический уровень |
_0 |
| 1 |
|
2001 |
| a |
|
Логистика как концепция управления предприятиями |
| 464 |
Аналитический уровень |
_0 |
| 1 |
|
2001 |
| a |
|
Логистический менеджмент: распределение |
| 464 |
Аналитический уровень |
_0 |
| 1 |
|
2001 |
| a |
|
Логистический менеджмент: концентрация |
| 464 |
Аналитический уровень |
_0 |
| 1 |
|
2001 |
| a |
|
Логистический менеджмент: движение ресурсов |
| 464 |
Аналитический уровень |
_0 |
| 1 |
|
2001 |
| a |
|
Логистический менеджмент на предприятии |
| 464 |
Аналитический уровень |
_0 |
| 1 |
|
2001 |
| a |
|
Основные бизнес - процессы управления ценностью |
| 464 |
Аналитический уровень |
_0 |
| 1 |
|
2001 |
| a |
|
Основные аспекты выполнения бизнес - процессов в цепях ценности |
| 464 |
Аналитический уровень |
_0 |
| 1 |
|
2001 |
| a |
|
Управление отношениями с потребителем |
| 464 |
Аналитический уровень |
_0 |
| 1 |
|
2001 |
| a |
|
Управление продуктом |
| 464 |
Аналитический уровень |
_0 |
| 1 |
|
2001 |
| a |
|
Финансовый менеджмент |
| 464 |
Аналитический уровень |
_0 |
| 1 |
|
2001 |
| a |
|
Логистический менеджмент |
| 464 |
Аналитический уровень |
_0 |
| 1 |
|
2001 |
| a |
|
Управление требованиями как бизнес - процесс |
| 464 |
Аналитический уровень |
_0 |
| 1 |
|
2001 |
| a |
|
Основные бизнес - процессы управления цепями поставок |
| 464 |
Аналитический уровень |
_0 |
| 1 |
|
2001 |
| a |
|
Управление отношениями с поставщиками |
| 606 |
Тематические рубрики |
__ |
| a |
Основная рубрика |
Экономика организации |
| x |
Основная подрубрика |
Логистика |
| 610 |
Ключевые слова |
1_ |
| a |
Ключевые слова |
управление информационными потоками |
| 610 |
Ключевые слова |
1_ |
| a |
Ключевые слова |
управление финансовыми потоками |
| 610 |
Ключевые слова |
1_ |
| a |
Ключевые слова |
управление сервисом |
| 620 |
Место и дата публикации, исполнения и т.д. |
__ |
| d |
Город |
Москва |
| 686 |
Индексы других классификаций |
__ |
| a |
Классификационный индекс |
65.291.592я73 |
| 2 |
Код системы |
rubbk |
| 686 |
Индексы других классификаций |
__ |
| a |
Классификационный индекс |
06.81 |
| 2 |
Код системы |
rugasnti |
| 700 |
Автор |
_1 |
| a |
Фамилия |
Тяпухин |
| b |
Имя |
А. П. |
| 4 |
Код отношения |
070 |
| 801 |
Источник записи |
_0 |
| b |
Организация |
СЮИ МВД России |
| a |
Страна |
RU |
| c |
Дата составления |
20120306 |
| 801 |
Источник записи |
_1 |
| a |
Страна |
RU |
| b |
Организация |
ПКИ |
| c |
Дата составления |
20120306 |
| 852 |
Данные о местонахождении |
__ |
| a |
Наименование организации |
СЮИ МВД России |
| b |
Сигла хранения |
ЧЗ_Поволжский филиал |
| i |
Авторский знак |
Т99 |
| p |
Инвентарный номер |
140624 |
| j |
Шифр хранения |
65.291.592я73 |
| j |
Шифр хранения |
65.291.592я73 |
| j |
Шифр хранения |
65.291.592я73 |
| j |
Шифр хранения |
65.291.592я73 |
| j |
Шифр хранения |
65.291.592я73 |
| j |
Шифр хранения |
65.291.592я73 |
| j |
Шифр хранения |
65.291.592я73 |
| j |
Шифр хранения |
65.291.592я73 |
| j |
Шифр хранения |
65.291.592я73 |
| j |
Шифр хранения |
65.291.592я73 |
| j |
Шифр хранения |
65.291.592я73 |
| 852 |
Данные о местонахождении |
__ |
| a |
Наименование организации |
СЮИ МВД России |
| b |
Сигла хранения |
УчФ_Поволжский филиал |
| i |
Авторский знак |
Т99 |
| p |
Инвентарный номер |
140625 |
| 852 |
Данные о местонахождении |
__ |
| a |
Наименование организации |
СЮИ МВД России |
| b |
Сигла хранения |
УчФ_Поволжский филиал |
| i |
Авторский знак |
Т99 |
| p |
Инвентарный номер |
140626 |
| 852 |
Данные о местонахождении |
__ |
| a |
Наименование организации |
СЮИ МВД России |
| b |
Сигла хранения |
УчФ_Поволжский филиал |
| i |
Авторский знак |
Т99 |
| p |
Инвентарный номер |
140627 |
| 852 |
Данные о местонахождении |
__ |
| a |
Наименование организации |
СЮИ МВД России |
| b |
Сигла хранения |
УчФ_Поволжский филиал |
| i |
Авторский знак |
Т99 |
| p |
Инвентарный номер |
140628 |
| 852 |
Данные о местонахождении |
__ |
| a |
Наименование организации |
СЮИ МВД России |
| b |
Сигла хранения |
УчФ_Поволжский филиал |
| i |
Авторский знак |
Т99 |
| p |
Инвентарный номер |
140629 |
| 852 |
Данные о местонахождении |
__ |
| a |
Наименование организации |
СЮИ МВД России |
| b |
Сигла хранения |
УчФ_Поволжский филиал |
| i |
Авторский знак |
Т99 |
| p |
Инвентарный номер |
140630 |
| 852 |
Данные о местонахождении |
__ |
| a |
Наименование организации |
СЮИ МВД России |
| b |
Сигла хранения |
УчФ_Поволжский филиал |
| i |
Авторский знак |
Т99 |
| p |
Инвентарный номер |
140631 |
| 852 |
Данные о местонахождении |
__ |
| a |
Наименование организации |
СЮИ МВД России |
| b |
Сигла хранения |
УчФ_Поволжский филиал |
| i |
Авторский знак |
Т99 |
| p |
Инвентарный номер |
140632 |
| 852 |
Данные о местонахождении |
__ |
| a |
Наименование организации |
СЮИ МВД России |
| b |
Сигла хранения |
УчФ_Поволжский филиал |
| i |
Авторский знак |
Т99 |
| p |
Инвентарный номер |
140633 |
| 852 |
Данные о местонахождении |
__ |
| a |
Наименование организации |
СЮИ МВД России |
| b |
Сигла хранения |
УчФ_Поволжский филиал |
| i |
Авторский знак |
Т99 |
| p |
Инвентарный номер |
140634 |
| 901 |
Тип документа |
__ |
| t |
Тип документа |
m |
| 938 |
Служебная информация |
__ |
| a |
Название организации |
Поволжский филиал |
| b |
Имя БД |
Книги_Ирбис |
| c |
Название АИБС |
АБИС ИРБИС |